| 000 | 00518nam a2200181Ia 4500 | ||
|---|---|---|---|
| 001 | 8518 | ||
| 005 | 20260306160615.0 | ||
| 008 | 260306t2016||||xx |||||||||||||| ||spa|| | ||
| 041 | _aESP | ||
| 082 |
_a371.1 _bS73 |
||
| 100 |
_aSpakowsky, Elisa _eAUT |
||
| 245 | 0 |
_aPrácticas pedagógicas de evaluación en el nivel inicial: _bdesarrollo histórico, análisis crítico y propuestas superadoras |
|
| 260 | _c2016 | ||
| 300 |
_a187 páginas : _c22 cm. |
||
| 650 | _aGEN | ||
| 654 | _aCED | ||
| 942 |
_cLIB _dJUS _fJUS _2ddc _n |
||
| 999 |
_c8518 _d8518 |
||